000 00432cam a22001217a 4500
008 180718b2002 xxu||||| |||| 00| 0 eng d
082 _aAPPPA 2000-01 BAJ/6
100 _aBajpai, K.K.
245 _aTraining in Indian railways: a study with special focus on supervisors training centre, Lucknow
_cby K.K. Bajpai
260 _aNew Delhi
_bIndian Institute of Public Administration
_c2002
300 _a171p.
650 _aRailways - India
999 _c492079
_d492079